Statistics for Countries with Astronauts on ISS

Click here to take the quiz!

General Stats

  • This quiz has been taken 25 times
  • The average score is 14 of 18

Answer Stats

HintAnswer% Correct
4France
100%
55Russia
100%
1United Kingdom
100%
157USA
100%
8Canada
95%
4Germany
95%
5Italy
95%
9Japan
95%
1Spain
95%
1Sweden
95%
1Brazil
89%
1Netherlands
84%
2Belgium
79%
1Denmark
68%
1Israel
68%
1Kazakhstan
42%
2Saudi Arabia
26%
1United Arab Emirates
21%

Score Distribution

Percentile by Number Answered

Percent of People with Each Score

Your Score History

You have not taken this quiz